<?xml version="1.0" encoding="UTF-8"?><?xml-stylesheet type="text/xsl" href="static/style.xsl"?><OAI-PMH xmlns="http://www.openarchives.org/OAI/2.0/" xmlns:xsi="http://www.w3.org/2001/XMLSchema-instance" xsi:schemaLocation="http://www.openarchives.org/OAI/2.0/ http://www.openarchives.org/OAI/2.0/OAI-PMH.xsd"><responseDate>2026-04-17T19:27:24Z</responseDate><request verb="GetRecord" identifier="oai:www.recercat.cat:2072/477208" metadataPrefix="marc">https://recercat.cat/oai/request</request><GetRecord><record><header><identifier>oai:recercat.cat:2072/477208</identifier><datestamp>2025-07-29T23:10:15Z</datestamp><setSpec>com_2072_98</setSpec><setSpec>col_2072_378192</setSpec></header><metadata><record xmlns="http://www.loc.gov/MARC21/slim" xmlns:dcterms="http://purl.org/dc/terms/" xmlns:xsi="http://www.w3.org/2001/XMLSchema-instance" xmlns:doc="http://www.lyncode.com/xoai" xsi:schemaLocation="http://www.loc.gov/MARC21/slim http://www.loc.gov/standards/marcxml/schema/MARC21slim.xsd">
   <leader>00925njm 22002777a 4500</leader>
   <datafield ind2=" " ind1=" " tag="042">
      <subfield code="a">dc</subfield>
   </datafield>
   <datafield ind2=" " ind1=" " tag="720">
      <subfield code="a">Hernández Delgado, Pau</subfield>
      <subfield code="e">author</subfield>
   </datafield>
   <datafield ind2=" " ind1=" " tag="260">
      <subfield code="c">2024</subfield>
   </datafield>
   <datafield ind2=" " ind1=" " tag="520">
      <subfield code="a">Este artículo aborda las claves históricas vertebradoras de la Nueva Derecha (Nouvelle Droite) en España con el objetivo de presentar unos apuntes que sirvan, por un lado, para una mayor comprensión de la renovación y dignificación de la extrema derecha intelectual después del franquismo y, por el otro, para analizar la instauración de la lucha por el poder cultural como estrategia viable en la misma. Se trata, por tanto, de una aproximación que presenta la elaboración de un marco de análisis propio con cinco cuestiones principales (que van desde su campo historiográfico de partida hasta sus autores de referencia), para finalmente establecer unas consideraciones sobre sus posibles campos de análisis para la Historia Actual.</subfield>
   </datafield>
   <datafield ind2=" " ind1=" " tag="520">
      <subfield code="a">Aquest article examina les claus històriques vertebradores de la Nova Dreta (Nouvelle Droite) a Espanya amb l'objectiu de presentar uns apunts que serveixin, d'una banda, per a una major comprensió de la renovació i dignificació de l'extrema dreta intel·lectual després del franquisme i, per l'altre, per analitzar la instauració de la lluita pel poder cultural com a estratègia viable. Es tracta, per tant, d'una aproximació que presenta l'elaboració d'un marc d'anàlisi propi amb cinc qüestions determinants (que van des del seu camp historiogràfic fins als seus autors de referència), per finalment establir unes consideracions sobre els seus possibles camps d'anàlisis per a la Història Actual.</subfield>
   </datafield>
   <datafield ind2=" " ind1=" " tag="520">
      <subfield code="a">This article deals with the historical backbone of the New Right (Nouvelle Droite) in Spain with the aim of presenting some notes that serve, on the one hand, for a better understanding of the renewal and dignification of the intellectual far right after francoism and, on the other hand, to analyze the establishment of the struggle for cultural power as a viable strategy. It is, therefore, an approach that presents the elaboration of its own framework of analysis with five main questions (ranging from its historiographic field to its main characters), to finally establish some considerations on its possible fields of analysis for Current History.</subfield>
   </datafield>
   <datafield tag="653" ind2=" " ind1=" ">
      <subfield code="a">Nueva derecha</subfield>
   </datafield>
   <datafield tag="653" ind2=" " ind1=" ">
      <subfield code="a">Lucha cultural</subfield>
   </datafield>
   <datafield tag="653" ind2=" " ind1=" ">
      <subfield code="a">Renovación</subfield>
   </datafield>
   <datafield tag="653" ind2=" " ind1=" ">
      <subfield code="a">Neofascismo</subfield>
   </datafield>
   <datafield tag="653" ind2=" " ind1=" ">
      <subfield code="a">Conservadurismo</subfield>
   </datafield>
   <datafield tag="653" ind2=" " ind1=" ">
      <subfield code="a">Derecha</subfield>
   </datafield>
   <datafield tag="653" ind2=" " ind1=" ">
      <subfield code="a">Nova dreta</subfield>
   </datafield>
   <datafield tag="653" ind2=" " ind1=" ">
      <subfield code="a">Lluita cultural</subfield>
   </datafield>
   <datafield tag="653" ind2=" " ind1=" ">
      <subfield code="a">Renovació</subfield>
   </datafield>
   <datafield tag="653" ind2=" " ind1=" ">
      <subfield code="a">Neofeixisme</subfield>
   </datafield>
   <datafield tag="653" ind2=" " ind1=" ">
      <subfield code="a">Conservadurisme</subfield>
   </datafield>
   <datafield tag="653" ind2=" " ind1=" ">
      <subfield code="a">Dreta</subfield>
   </datafield>
   <datafield tag="653" ind2=" " ind1=" ">
      <subfield code="a">New right</subfield>
   </datafield>
   <datafield tag="653" ind2=" " ind1=" ">
      <subfield code="a">Culture war</subfield>
   </datafield>
   <datafield tag="653" ind2=" " ind1=" ">
      <subfield code="a">Renovation</subfield>
   </datafield>
   <datafield tag="653" ind2=" " ind1=" ">
      <subfield code="a">Neo-fascism</subfield>
   </datafield>
   <datafield tag="653" ind2=" " ind1=" ">
      <subfield code="a">Conservadurism</subfield>
   </datafield>
   <datafield tag="653" ind2=" " ind1=" ">
      <subfield code="a">Right</subfield>
   </datafield>
   <datafield ind2="0" ind1="0" tag="245">
      <subfield code="a">La Nueva Derecha Española : una experiencia intelectual entre el tardofranquismo y la globalización</subfield>
   </datafield>
</record></metadata></record></GetRecord></OAI-PMH>